Регионална библиотека "Любен Каравелов" - Русе

Избранные пьесы (Запис номер 371937)

MARC детайли
000 -Лидер
Контролно поле с фиксирана дължина ncm a22 a 4500
003 - Код на организацията, давaща контролен номер
Контролно поле BLK
005 - Дата и час на последна редакция
Контролно поле 20200701094136.0
008 - Елементи от данни с фиксирана дължина
fixed length control field 200701b bu ||||| |||| 00| 0 bu d
040 ## - Източник на каталожния запис
Идентификатор на билиотеката - собственик на записа BLK
041 ## - Код за език
Код за езика на текст/звукозапис или на отделно заглавие Руски
Код за езика КДБФ Руски
080 ## - УДК
Текстов определител УДК Музика за пиано
УДК код - определител по УДК 786.2
УДК - код + определител 786.2
100 ## - Редна дума - Автор
R(LIN) 310752
Автор Григ, Едвард
Авторска отговорност първи автор
139 ## - Редно поле
Редна дума Григ, Едвард
Авторски знак Григ - Г 82
245 ## - Сведения за заглавието
Заглавие Избранные пьесы
Подзаглавни данни Для фортепиано
Редно поле (дума) Эдвард Григ
260 ## - Област на издателските данни
9 (RLIN) 402757
Място на издаване, разпространение и проч. Москва
Име на издателя, разпространителя и проч. Советский композитор
Година на издаване 1967
300 ## - Физическа характеристика
Страници 84 с.
Размери/Мащаб 30 см
380 ## - Жанр
Жанр Изкуство
490 ## - СЕРИИ (Колекции)
9 (RLIN) 405129
Име на серия Педагогический репертуар музыкального училища
650 #7 - Допълнително описание по предмет – тема
9 (RLIN) 166247
Основно описание – тема или топоним Пиано
852 ## - Местоположение
Форматна сигнатура Цб М ІІ 4567
999 ## - СИСТЕМНИ КОНТРОЛНИ НОМЕРА
Koha biblionumber 371937
Koha biblioitemnumber 371937
942 ## - АРТИКУЛИ
Вид на библиотечния материал Нотни издания
Скрит в OPAC Не
Периодичен библиозапис Да
944 ## - СЪЗДАВАНЕ И РЕДАКЦИЯ на ЗАПИСА
Създаване/Редакция Създаване
Дата на регистрацията/редакция 2020-07-01
Служител, извършил регистрацията/редакцията Моника Янева
Статус, дата на статуса 2020-07-01
999 ## - СИСТЕМНИ КОНТРОЛНИ НОМЕРА
Koha biblioitemnumber 371932
999 ## - СИСТЕМНИ КОНТРОЛНИ НОМЕРА
Koha biblioitemnumber 371928
999 ## - СИСТЕМНИ КОНТРОЛНИ НОМЕРА
Koha biblioitemnumber 371926
999 ## - СИСТЕМНИ КОНТРОЛНИ НОМЕРА
Koha biblioitemnumber 371913
999 ## - СИСТЕМНИ КОНТРОЛНИ НОМЕРА
Koha biblioitemnumber 371909
999 ## - СИСТЕМНИ КОНТРОЛНИ НОМЕРА
Koha biblioitemnumber 371906
Наличности
Код за отписване Код за изгубен артикул Източник на класификационната схема Код за повреда Коз за рестрикции Код за отдаване Артикулен № Име на библиотеката - собственик Име на библиотеката, в която се намира в момента Статус (Текущо местоположение) Дата на вписване в системата Местоположение - отдел Цена в лева Инвентарен номер Систематично азбучна сигнатура Баркод Цена в евро Служебен тип на артикула
  Не е изгубен Universal Decimal Classification Не е повреден само за читалня ползва се в читалня 779592 Регионална библиотека "Любен Каравелов" Русе Регионална библиотека "Любен Каравелов" Русе Хранилище 2020-07-01 Хранилище 0.84 2071/68 Цб М ІІ 4567 900000019782 0.43 Нотни издания
Vip Innovations Ltd, Rousse, Bulgaria 2025